An essay on thoroughbass /

Bibliographic Details
Main Author: Muffat, Georg, 1653-1704
Corporate Author: American Institute of Musicology
Other Authors: Federhofer, Hellmut, 1911-2014 (Editor)
Format: Book
Language:English
German
Published: [Rome] : American Institute of Musicology, 1961.
Series:Musicological studies and documents ; 4.
Subjects:

MARC

Tag First Indicator Second Indicator Subfields
LEADER 00000cam a22000001 4500
001 in00002016196
005 20151031154407.0
008 711116s1961 it g 000 0 eng
010 |a  62004831  
035 |a (OCoLC)ocm00172030 
040 |a DLC  |c CSU  |d DLC  |d IUL  |d OBE  |d TXA  |d UtOrBLW 
041 0 |a ger  |g eng 
049 |a TXAM 
050 0 0 |a MT49  |b .M95 
090 |a MT49  |b .M95 1961 
100 1 |a Muffat, Georg,  |d 1653-1704. 
245 1 3 |a An essay on thoroughbass /  |c Edited with an introd. by Hellmut Federhofer. 
264 1 |a [Rome] :  |b American Institute of Musicology,  |c 1961. 
300 |a 130 pages :  |b music. ;  |c 25 cm. 
336 |a text  |b txt  |2 rdacontent 
337 |a unmediated  |b n  |2 rdamedia 
338 |a volume  |b nc  |2 rdacarrier 
490 1 |a American Institute of Musicology. Musicological studies and documents,  |v 4 
536 |a From the Howard Mayer Brown, Edward Downes and Mary Schieffelin book collections, October 2004. 
650 0 |a Continuo  |v Early works to 1800. 
700 1 |a Federhofer, Hellmut,  |d 1911-2014,  |e editor. 
710 2 |a American Institute of Musicology. 
830 0 |a Musicological studies and documents ;  |v 4. 
948 |a cataloged  |b h  |c 2004/12/17  |d c  |e jgreene  |f 3:54:56 pm 
994 |a E0  |b TXA 
999 |a MARS 
999 f f |s 3fdd0d63-adcc-33a9-bd62-a8f018b57bf8  |i 0a885554-016f-3c56-a93e-699d2ef95f18  |t 0 
952 f f |p ric  |a Texas A&M University  |b Rellis Campus  |c Joint Library Facility  |d Remote Storage  |t 0  |e MT49 .M95 1961  |h Library of Congress classification  |i unmediated -- volume  |m A14831694326 
998 f f |a MT49 .M95 1961  |t 0  |l Remote Storage